| 000 | nam a22 a 4500 | ||
|---|---|---|---|
| 999 |
_c443999 _d443999 |
||
| 003 | BLK | ||
| 005 | 20220208092450.0 | ||
| 008 | 220208b bu |||||r|||| 00| | bu d | ||
| 040 | _aBLK | ||
| 041 |
_aBUL _cBUL |
||
| 080 |
_aЗнаци за качество. Фабрични марки. Печати _b003.65 _z003.65 |
||
| 100 |
_91299 _aСуховерхова, Полина _eпърви автор |
||
| 139 | _aСуховерхова, Полина | ||
| 245 |
_aЗа честта на фабричната марка _cПолина Суховерхова ; прев. от рус. А. Декало, Х. Шпетер |
||
| 260 |
_9216678 _aСофия _bОРПС _c1949 |
||
| 300 |
_a53 с. _c16 см |
||
| 380 | _a0 | ||
| 650 | 0 |
_9289867 _aФабрични марки |
|
| 653 | 7 |
_9199157 _aфабрични марки |
|
| 700 |
_91121 _aДекало, Алберт Самуил _eпрев. от рус. |
||
| 700 |
_91121 _aШпетер, Х. _eпрев. от рус. |
||
| 852 |
_aЦб I 1161 _bО |
||
| 942 |
_cKNG _n0 _s1 |
||
| 944 |
_aCR _c2022-02-08 _kХристина Везирева |
||